all current season nhl teams - Statistics

General Stats
  • This quiz has been taken 7 times
  • The average score is 17 of 32
Answer Stats
Hint Answer % Correct
pacific edmonton oilers
100%
pacific los angeles kings
100%
pacific anaheim ducks
75%
atlantic boston bruins
75%
central colorado avalanche
75%
central dallas stars
75%
atlantic florida panthers
75%
central minnesota wild
75%
atlantic montreal canadiens
75%
metropolitan new york rangers
75%
atlantic toronto maple leafs
75%
central winnipeg jets
75%
pacific calgary flames
50%
metropolitan carolina hurricanes
50%
central chigago blackhawks
50%
metropolitan new york islanders
50%
metropolitan pittsburgh penguins
50%
pacific san jose sharks
50%
pacific seattle kraken
50%
central st. louis blues
50%
central utah mammoth
50%
pacific vegas golden knights
50%
atlantic buffalo sabres
25%
metropolitan columbus blue jackets
25%
atlantic detroit red wings
25%
central nashville predators
25%
metropolitan new jersey devils
25%
atlantic ottawa senators
25%
metropolitan philadelphia flyers
25%
atlantic tampa bay lightning
25%
pacific vancouver canucks
25%
metropolitan washington capitals
25%
No matching quizzes found
Score Distribution
Percent of People with Each Score
Percentile by Number Answered
Your Score History
You have not taken this quiz